Biblioteca y Centro de Documentación

Dictamen 02-2019, sobre el Proyecto de Real Decreto de modificación del Reglamento para la ejecución de la Ley 17/2001, de 7 de diciembre, de marcas (Registro nro. 51232)

Detalles MARC
000 -CABECERA
Longitud fija campo de control 01361nam a2200313 c 4500
001 - NÚMERO DE CONTROL
Número de control 51232
003 - IDENTIFICADOR DE NÚMERO DE CONTROL
Identificador del número de control ES-MaCES
005 - FECHA Y HORA DE LA ÚLTIMA TRANSACCIÓN
Fecha y hora de la última transacción 20210726114931.0
007 - PHYSICAL DESCRIPTION FIXED FIELD--GENERAL INFORMAT
Campo fijo de descripción física cr |||||||||||
008 - CAMPO FIJO DE DESCRIPCIÓN FIJA--INFORMACIÓN GENERAL
Códigos de información de longitud fija   190425s2019 sp l o000 | spa d
040 ## - FUENTE DE CATALOGACIÓN
Centro catalogador de origen ES-MaCES
Lengua de catalogación spa
Centro transcriptor ES-MaCES
245 10 - MENCIÓN DE TÍTULO
Título Dictamen 02-2019, sobre el Proyecto de Real Decreto de modificación del Reglamento para la ejecución de la Ley 17/2001, de 7 de diciembre, de marcas
300 ## - DESCRIPCIÓN FÍSICA
Extensión 16 p. (212,69 kb)
500 ## - NOTA GENERAL
Nota general El precedente inmediato de los dictámenes 2 y 3 2019 remite al Dictamen 04-2018 sobre el Anteproyecto de Ley de modificación de la Ley 17/2001, de 7 de diciembre, de marcas
593 ## - CES. DATOS DICTAMEN
Comisión de trabajo Economía y Fiscalidad
Identificador D-002-2019
Fecha dictamen 20190320
Tipo trámite Ordinaria
Tipo sesión Pleno ordinario
Votos aprobados Presentes (46): (46) sí, (0) no, (0) abst.
650 #4 - ASIENTO SECUNDARIO DE MATERIA--TÉRMINO DE MATERIA
Término de materia o nombre geográfico como elemento inicial marca registrada
9 (RLIN) 27940
650 #4 - ASIENTO SECUNDARIO DE MATERIA--TÉRMINO DE MATERIA
Término de materia o nombre geográfico como elemento inicial derecho de patentes
9 (RLIN) 27168
650 #4 - ASIENTO SECUNDARIO DE MATERIA--TÉRMINO DE MATERIA
Término de materia o nombre geográfico como elemento inicial derecho mercantil
9 (RLIN) 27157
650 #4 - ASIENTO SECUNDARIO DE MATERIA--TÉRMINO DE MATERIA
Término de materia o nombre geográfico como elemento inicial procedimiento administrativo
9 (RLIN) 30919
650 #4 - ASIENTO SECUNDARIO DE MATERIA--TÉRMINO DE MATERIA
Término de materia o nombre geográfico como elemento inicial España
9 (RLIN) 26964
650 #4 - ASIENTO SECUNDARIO DE MATERIA--TÉRMINO DE MATERIA
Término de materia o nombre geográfico como elemento inicial reforma legislativa
9 (RLIN) 29892
650 #4 - ASIENTO SECUNDARIO DE MATERIA--TÉRMINO DE MATERIA
Término de materia o nombre geográfico como elemento inicial 2001
9 (RLIN) 31582
653 10 - TÉRMINO DE INDEXACIÓN--NO CONTROLADO
Término no controlado Derecho mercantil
700 1# - ENCABEZAMIENTO SECUNDARIO--NOMBRE PERSONAL
9 (RLIN) 21498
Nombre de persona Pujol Segarra, Joan
Término indicativo de función ponente
710 1# - ENCABEZAMIENTO SECUNDARIO--NOMBRE CORPORATIVO
9 (RLIN) 3248
Nombre de entidad o nombre de jurisdicción como elemento inicial España
Unidad subordinada Ministerio de Industria, Comercio y Turismo
Término indicativo de función solicitante
856 4# - ACCESO ELECTRÓNICO
Identificador Uniforme del Recurso (URI) <a href="http://www.ces.es/documents/DIC/2019/02">http://www.ces.es/documents/DIC/2019/02</a>
Texto del enlace texto completo
902 ## - CES. TIPO DE DOCUMENTO
Tipodoc (006$c Sirtex) Dictamen CES
942 ## - ELEMENTOS KOHA
Fuente de clasificaión o esquema Clasificación propia del CES
Koha [por defecto] tipo de item Dictámenes/Informes/Memorias CES
Parte de clasificación Derecho Mercantil

No hay ítems disponibles.

© CES, Consejo Económico y Social de España 2021